| 000 | 00510pab a2200181 454500 | ||
|---|---|---|---|
| 008 | 180718b2013 xxu||||| |||| 00| 0 eng d | ||
| 100 | _aSundari, S. | ||
| 245 | _aAn empirical study of female-headed households in Tamil Nadu | ||
| 260 | _c2013 | ||
| 300 | _ap.38-72. | ||
| 362 | _aJul-Sep | ||
| 650 | _aWomen - India - Tamil Nadu | ||
| 650 | _aHouseholds - India - Tamil Nadu | ||
| 650 | _aWomen | ||
| 773 | _aIASSI Quarterly - Contribution to Indian Social Science | ||
| 908 | _aN | ||
| 909 | _a105103 | ||
| 999 |
_c105098 _d105098 |
||